[Event "Berlin Lichtenberger op 15th"]
[Site "Berlin"]
[Date "2016.08.18"]
[Round "6"]
[White "Hoffbauer, Joerg"]
[Black "Albert, Joerg"]
[Result "0-1"]
[WhiteElo "1765"]
[BlackElo "2149"]
[PlyCount "82"]
[EventDate "2016.08.13"]
[EventType "swiss"]
[EventRounds "9"]
[EventCountry "GER"]
[SourceTitle "CBM 173 Extra"]
[Source "ChessBase"]
[SourceDate "2016.08.29"]
[SourceVersion "1"]
[SourceVersionDate "2016.08.29"]
[SourceQuality "1"]

1. e4 c6 2. e5 d5 3. exd6 Qxd6 4. d4 Nf6 5. Nf3 Bf5 6. Nh4 Bg6 7. g3 Nbd7 8. f4 0-0-0 9. Nxg6 hxg6 10. Be3 Nd5 11. Bf2 g5 12. f5 e5 13. fxe6 Re8 14. Be2 Qxe6 15. Qd3 Nb4 16. Qd2 Qe4 17. Rf1 Nxc2+ 18. Kd1 Nxa1 19. Nc3 Qc2+ 20. Qxc2 Nxc2 21. Kxc2 Rxh2 22. Bg4 Kc7 23. Kb3 Nf6 24. Bf3 g4 25. Bh1 Bd6 26. d5 Reh8 27. Be4 Nxe4 28. Nxe4 cxd5 29. Nc3 Kc6 30. Bxa7 f6 31. Rc1 Rg2 32. Na4+ Kd7 33. Nb6+ Ke6 34. Re1+ Be5 35. Na4 Rxg3+ 36. Kb4 Kf7 37. b3 d4 38. Rd1 d3 39. Bf2 Rf3 40. Be1 Rh1 41. Nc5 d2 0-1

[Event "Berlin Lichtenberger op 15th"]
[Site "Berlin"]
[Date "2016.08.15"]
[Round "3"]
[White "Wirth, Heinz"]
[Black "Hoffbauer, Joerg"]
[Result "1/2-1/2"]
[WhiteElo "1996"]
[BlackElo "1765"]
[PlyCount "98"]
[EventDate "2016.08.13"]
[EventType "swiss"]
[EventRounds "9"]
[EventCountry "GER"]
[SourceTitle "CBM 173 Extra"]
[Source "ChessBase"]
[SourceDate "2016.08.29"]
[SourceVersion "1"]
[SourceVersionDate "2016.08.29"]
[SourceQuality "1"]

1. e4 c5 2. Nf3 Nc6 3. Bb5 e6 4. 0-0 g6 5. Re1 Bg7 6. c3 Qa5 7. Na3 a6 8. Bf1 b5 9. Nc2 Nge7 10. a4 bxa4 11. Ne3 Qb6 12. Nc4 Qc7 13. e5 0-0 14. d4 cxd4 15. cxd4 a5 16. Rxa4 Ba6 17. Bd2 Bb5 18. Ra3 Bxc4 19. Bxc4 Nxd4 20. Nxd4 Qxc4 21. Bxa5 Rfc8 22. Rc3 Qd5 23. Bc7 Rxc7 24. Rxc7 Bxe5 25. Rxe5 Qxe5 26. Rxd7 Nd5 27. g3 Qb8 28. Qf3 Qe8 29. Rb7 Rb8 30. Qb3 Rxb7 31. Qxb7 Qa4 32. Qb8+ Kg7 33. Qe5+ Kg8 34. Kg2 Qa8 35. Kh3 Qb7 36. b3 h6 37. Qd6 Kg7 38. Qe5+ Nf6 39. g4 Qh1 40. f3 Qf1+ 41. Kg3 Qg1+ 42. Kh3 g5 43. Nc6 Qc1 44. Ne7 Qd2 45. Ng8 Kxg8 46. Qxf6 Qd1 47. Qc3 Qf1+ 48. Kg3 Qg1+ 49. Kh3 Qf1+ 1/2-1/2

[Event "Berlin Spandau op 1st"]
[Site "Berlin"]
[Date "2015.12.29"]
[Round "4"]
[White "Oelmann, Henry"]
[Black "Hoffbauer, Joerg"]
[Result "1-0"]
[WhiteElo "2002"]
[BlackElo "1745"]
[PlyCount "93"]
[EventDate "2015.12.27"]
[EventType "swiss"]
[EventRounds "7"]
[EventCountry "GER"]
[SourceTitle "EXT 2022"]
[Source "ChessBase"]
[SourceDate "2021.10.06"]
[SourceVersion "1"]
[SourceVersionDate "2021.10.06"]
[SourceQuality "1"]

1. d4 d5 2. c4 e6 3. Nc3 Nf6 4. Bg5 Be7 5. cxd5 exd5 6. Qc2 0-0 7. e3 Re8 8. Bd3 h6 9. Bxf6 Bxf6 10. Nge2 c5 11. dxc5 d4 12. 0-0-0 Nc6 13. Bb5 Re7 14. Bxc6 bxc6 15. Nxd4 Rb7 16. Ne4 Bxd4 17. Rxd4 Qe7 18. Nd6 Rbb8 19. Re4 Be6 20. Rd1 Qf6 21. b3 Bd5 22. Rf4 Qg5 23. g3 a5 24. Rdd4 Qe5 25. h4 g6 26. Nc4 Bxc4 27. Qxc4 Ra7 28. Qc3 Kh7 29. Kc2 Rb5 30. Rc4 Qd5 31. e4 Qd7 32. Rd4 Qe7 33. Rc4 Qd7 34. e5 Rb4 35. Qd3 Qe7 36. Rfe4 Rb5 37. Qd6 Qe8 38. Red4 Re7 39. f4 Rb8 40. Rd2 Ra7 41. h5 Rb4 42. hxg6+ fxg6 43. Rcd4 Qf7 44. g4 Rbb7 45. e6 Qe7 46. Qe5 Kg8 47. Rd8+ 1-0